[Event "Regionalliga Mittelrhein 1213"]
[Site "Germany"]
[Date "2012.09.30"]
[Round "2.8"]
[White "Rezai Perdomo, Yuanne"]
[Black "Distelrath, Stephan"]
[Result "0-1"]
[WhiteElo "1721"]
[BlackElo "2009"]
[PlyCount "66"]
[EventDate "2012.09.09"]
[EventType "team"]
[EventRounds "11"]
[EventCountry "GER"]
[SourceTitle "EXT 2015"]
[Source "ChessBase"]
[SourceDate "2014.11.20"]
[SourceVersion "1"]
[SourceVersionDate "2014.11.20"]
[SourceQuality "1"]
[WhiteTeam "Gruenfeld"]
[BlackTeam "Koeln Ford SF"]
[WhiteTeamCountry "GER"]
[BlackTeamCountry "GER"]

1. e4 e6 2. d4 d5 3. exd5 exd5 4. Bd3 Bd6 5. Be3 Nf6 6. Nd2 0-0 7. h3 Re8 8. Qf3 c5 9. Ne2 c4 10. Bf5 Nc6 11. c3 Qc7 12. Bc2 Qb6 13. Rb1 Qd8 14. 0-0 Be6 15. Ng3 Ne7 16. Bg5 Nd7 17. Qh5 Nf8 18. f4 f6 19. Bh4 Bf7 20. Qg4 Qd7 21. f5 Kh8 22. Nh5 Bxh5 23. Qxh5 Ng8 24. Rbe1 Bc7 25. Nf3 Rad8 26. Ne5 fxe5 27. Bxd8 Qxd8 28. f6 Nxf6 29. Qf7 e4 30. Rxf6 gxf6 31. Ba4 Re7 32. Qxf6+ Rg7 33. Qf5 Qd6 0-1

[Event "St Ingbert op 06th"]
[Site "St Ingbert"]
[Date "1992.08.27"]
[Round "7"]
[White "Rezai Perdomo, Yuanne"]
[Black "Joerg, Jessica"]
[Result "0-1"]
[WhiteElo "1226"]
[BlackElo "1509"]
[PlyCount "94"]
[EventDate "1992.08.21"]
[EventType "swiss"]
[EventRounds "9"]
[EventCountry "GER"]
[SourceTitle "EXT 2010"]
[Source "ChessBase"]
[SourceDate "2010.11.25"]
[SourceVersion "1"]
[SourceVersionDate "2010.11.25"]
[SourceQuality "1"]

1. c3 d5 2. d4 Nf6 3. Bf4 e6 4. Nf3 c5 5. e3 Nc6 6. Be2 cxd4 7. exd4 a6 8. 0-0 b5 9. a3 Be7 10. Re1 0-0 11. Nbd2 Re8 12. Nf1 Nh5 13. Be3 Bd6 14. Qd2 Nf6 15. Bd3 h6 16. h3 Qc7 17. Rac1 Na5 18. Qc2 Nc4 19. Rcd1 Bb7 20. Qb1 Re7 21. N1d2 Nxe3 22. Rxe3 Rae8 23. Ne5 Nd7 24. Bh7+ Kf8 25. Nxd7+ Qxd7 26. Bd3 Qc6 27. Bf1 e5 28. Qh7 f6 29. Be2 exd4 30. Bh5 Rxe3 31. Qh8+ Ke7 32. Qxg7+ Kd8 33. Bxe8 Rxe8 34. Qxf6+ Be7 35. Qxc6 Bxc6 36. cxd4 Bf6 37. Nb3 Kd7 38. Nc5+ Kd6 39. Nxa6 Bb7 40. Nc5 Bc6 41. Kf1 Bxd4 42. Rxd4 Kxc5 43. Rh4 d4 44. Rh5+ Bd5 45. Rxh6 d3 46. b4+ Kc4 47. Rh4+ Kc3 0-1